|
|
|
|
| LEADER |
00000nam0a2200000 4500 |
| 001 |
312598 |
| 005 |
20231102002512.0 |
| 035 |
|
|
|a (RuTPU)RU\TPU\book\337967
|
| 090 |
|
|
|a 312598
|
| 100 |
|
|
|a 20151224d1982 km y0rusy50 ca
|
| 101 |
0 |
|
|a rus
|
| 102 |
|
|
|a RU
|
| 105 |
|
|
|a y z 001zy
|
| 200 |
1 |
|
|a Учет и анализ в горной промышленности
|f В. Т. Слабинский
|
| 210 |
|
|
|a Москва
|c Недра
|d 1982
|
| 215 |
|
|
|a 184 с.
|
| 320 |
|
|
|a Библиогр.: с. 180-181
|
| 606 |
1 |
|
|a Горные предприятия
|x Баланс
|2 stltpush
|3 (RuTPU)RU\TPU\subj\8181
|9 35656
|
| 610 |
1 |
|
|a экономический анализ
|
| 610 |
1 |
|
|a учет
|
| 610 |
1 |
|
|a экономическая стратегия
|
| 610 |
1 |
|
|a оперативный контроль
|
| 610 |
1 |
|
|a информация
|
| 610 |
1 |
|
|a продукция
|
| 610 |
1 |
|
|a продукция
|
| 610 |
1 |
|
|a себестоимость
|
| 610 |
1 |
|
|a хозрасчетная деятельность
|
| 610 |
1 |
|
|a технико-экономическая информация
|
| 610 |
1 |
|
|a экономико-математические методы
|
| 675 |
|
|
|a 622.012
|v 4
|
| 700 |
|
1 |
|a Слабинский
|b В. Т.
|g Василий Тихонович
|
| 801 |
|
1 |
|a RU
|b 63413507
|c 20151224
|
| 801 |
|
2 |
|a RU
|b 63413507
|c 20191111
|g RCR
|
| 942 |
|
|
|c BK
|